000 00747nam a2200241Ia 4500
005 20250508165327.0
008 008 250505s9999 xx 000 0 eng d
020 _a978-0-415-43264-1
037 _aReference
040 _aFEDL
_beng
_cFEDL
041 _aeng
_2eng
084 _a378, TIG/RR
_qFEDL
100 _aTight Malcolm Ed.
_9780509
245 0 _aRoutledge international handbook of higher education
260 _aLondon, UK
_bRoutledge
_c2009
300 _axiii, 525p.
365 _aGBP
_b50
490 _aThe Routledge International Handbook Series
546 _aSpecial Edition 2014
700 _a Mok Ka Ho Ed. Huisman Jeroen and others Ed.
_9780510
942 _cREF
_h378, TIG/RR
999 _c1394482
_d1394482